Public expenditures, growth, and poverty : (Record no. 18127)

MARC details
000 -LEADER
fixed length control field 01408 2200325 4500
005 - DATE AND TIME OF LATEST TRANSACTION
control field 20081212105620.0
008 - FIXED-LENGTH DATA ELEMENTS--GENERAL INFORMATION
fixed length control field 081212t xxu||||| |||| 00| 0 eng d
010 ## - LCCN (DPL NO)
LC control number ENG-91540
020 ## - INTERNATIONAL STANDARD BOOK NUMBER
International Standard Book Number 9780195698138
Terms of availability 645.00
020 ## - INTERNATIONAL STANDARD BOOK NUMBER
International Standard Book Number 0195698134
Terms of availability 645.00
035 ## - SYSTEM CONTROL NUMBER
System control number EN-75073
037 ## - SOURCE OF ACQUISITION
Source of stock number/acquisition DBAD / PUB
040 ## - CATALOGING SOURCE
Original cataloging agency DPL
Language of cataloging ENG
082 ## - DEWEY DECIMAL CLASSIFICATION NUMBER
Classification number 339.46091724
245 ## - TITLE STATEMENT
Title Public expenditures, growth, and poverty :
Remainder of title lessons from developing countries /
Statement of responsibility, etc edited by Shenggen Fan.
260 ## - PUBLICATION, DISTRIBUTION, ETC. (IMPRINT)
Place of publication, distribution, etc New Delhi
Name of publisher, distributor, etc Oxford University Press
Date of publication, distribution, etc 2008
300 ## - PHYSICAL DESCRIPTION
Extent xv, 249 p. :
Other physical details ill.
Dimensions 24 cm.(Hb)
490 ## - SERIES STATEMENT
Series statement International Food Policy Research Institute
500 ## - GENERAL NOTE
General note "Published for the International Food Policy Research Institute."
500 ## - GENERAL NOTE
General note Includes bibliographical references and index.
650 ## - SUBJECT ADDED ENTRY--TOPICAL TERM
Topical term or geographic name as entry element Poverty
Geographic subdivision Developing countries.
650 ## - SUBJECT ADDED ENTRY--TOPICAL TERM
Topical term or geographic name as entry element Poverty
Geographic subdivision Developing countries.
General subdivision Prevention.
650 ## - SUBJECT ADDED ENTRY--TOPICAL TERM
Topical term or geographic name as entry element Expenditures, Public
Geographic subdivision Developing countries.
650 ## - SUBJECT ADDED ENTRY--TOPICAL TERM
Topical term or geographic name as entry element Economic development
Geographic subdivision Developing countries.
651 ## - SUBJECT ADDED ENTRY--GEOGRAPHIC NAME
Geographic name Developing countries
General subdivision Economic conditions
Chronological subdivision 20th century.
651 ## - SUBJECT ADDED ENTRY--GEOGRAPHIC NAME
Geographic name Developing countries
General subdivision Economic policy
Chronological subdivision 2000-
700 ## - ADDED ENTRY--PERSONAL NAME
Personal name Fan, Shenggen
942 ## - ADDED ENTRY ELEMENTS (KOHA)
Source of classification or shelving scheme Dewey Decimal Classification
Item type CD-ROMs, DVDs, VHS
Classification part 339.46091724
Holdings
Withdrawn status Lost status Source of classification or shelving scheme Damaged status Not for loan Collection code Home library Current library Date acquired Source of acquisition Cost, normal purchase price Total Checkouts Full call number Barcode Date last seen Copy number Cost, replacement price Koha item type
    Dewey Decimal Classification   Not For Loan Non-fiction D.B.Act.Division D.B.Act.Division 06/11/2008 DBAD / PUB 645.00   339.46091724 PUB EN-75073 06/11/2008 1 645.00 English Books

© Delhi Public Library
Hit Counter
free hit counter